| 000 | 00890nam a2200241 a 4500 | ||
|---|---|---|---|
| 001 | 000014635 | ||
| 005 | 20250520140417.0 | ||
| 008 | 100115s1980 dr a 000 0 spa d | ||
| 020 | _a8427005504 | ||
| 040 |
_aDO-SdBNP _bspa _cBNPHU |
||
| 041 | 1 | 7 |
_aspa _heng _2Código de idioma MARC |
| 082 |
_a155.4 _bL673L |
||
| 100 | 1 |
_aLewis, David, _q(David Kellogg Lewis) _d1941-2001 _933160 |
|
| 240 | 1 | 4 |
_aThe secret language of your child, _lEspañol. |
| 245 | 1 | 3 |
_aEl lenguaje secreto del niño / _cDavid Lewis ; traducción de Ramón Ibero. |
| 260 |
_aBarcelona : _bMartínez Roca, _c1980. |
||
| 300 |
_a285, [3] p. : _bil. ; _c20 cm. |
||
| 534 |
_pTítulo original en inglés: _tThe secret language of your child, _cLondres : Souvenir Press, 1978 |
||
| 650 | 0 |
_aPsicología infantil _92718 |
|
| 650 | 4 |
_aLenguaje de los niños _927861 |
|
| 700 | 1 |
_aIbero, Ramón, _etr. _933161 |
|
| 049 | _aBNGR | ||
| 999 |
_c14219 _d14219 |
||